000 01133nam0a2200313 4500
001 RU\NLR\BIBL_A\011880545
005 20181221093756.0
010 _a978-5-389-15500-8
_93000
021 _aRU
_bКН-П-18-084067
_9КН-П-18-6083
035 _a(NLR Aleph) 011880545
035 _a(RuMoRGB)009795598
090 _a12246922
_c12246922
100 _a20181204d2018 u y0rusy50 ca
101 1 _arus
_ceng
102 _aRU
105 _ay zzzz00000ay
200 1 _aБог ненавидит нас всех
_e[роман]
_fХэнк Муди
_g[перевод с английского Владимира Правосудова]
210 _aСанкт-Петербург
_cАзбука
_cАзбука-Аттикус
_d2018
215 _a301, [1] с.
_d17
225 1 _aАзбука Premium
300 _aСодержит нецензурную брань
333 _a18+
686 1 _aШ6(7США)67-440.4{Лх1979-50}
700 1 _7ca
_8rus
_aМуди
_bХ.
_gХэнк
_9172943
_3RU\NLR\AUTH\770172994
942 _cBOOK
980 _aNBR
980 _aNB